| 000 | 00546nam a2200193Ii 4500 | ||
|---|---|---|---|
| 001 | 2651 | ||
| 003 | CO-ViMGA | ||
| 008 | 241108s9999||||xx |||||||||||||| ||und|| | ||
| 040 |
_aCO-ViMGA _bspa _erda _cCO-ViMGA |
||
| 041 | 0 | _aspa | |
| 082 | 0 | 4 | _aFA Co860.4 - L39l |
| 245 | 1 | 0 | _aLeyendo a Silva |
| 264 | 1 | _aBogotá, Colombia : Instituto Caro y Cuervo, 1994 | |
| 300 | _avolumen | ||
| 336 |
_atext _btxt _2rdacontent |
||
| 337 |
_aunmediated _bn _2rdamedia |
||
| 338 |
_avolume _bnc _2rdacarrier |
||
| 940 | _aidficha_siabuc: 2593. -- ficha_no_siabuc:2651 | ||
| 999 |
_c48140 _d48140 |
||